ՀՀ Գիտությունների ազգային ակադեմիայի հիմնարար գիտական գրադարան  =   Fundamental Scientific Library of NAS RA

Ողնաշարավորների կենդանաբանություն : (Record no. 133098)

MARC details
000 -LEADER
fixed length control field 00934nam a2200205 u 4500
001 - CONTROL NUMBER
control field 000348631
003 - CONTROL NUMBER IDENTIFIER
control field AM-YeHGA
005 - DATE AND TIME OF LATEST TRANSACTION
control field 20250617131253.0
008 - FIXED-LENGTH DATA ELEMENTS--GENERAL INFORMATION
fixed length control field 040702s1979 ai r 000 0 arm d
040 ## - CATALOGING SOURCE
Original cataloging agency AM-YeHGA
041 0# - LANGUAGE CODE
Language code of text/sound track or separate title arm
090 ## - LOCALLY ASSIGNED LC-TYPE CALL NUMBER (OCLC); LOCAL CALL NUMBER (RLIN)
-- 134465
245 00 - TITLE STATEMENT
Title Ողնաշարավորների կենդանաբանություն :
Remainder of title (Ուսումնաօժ. ձեռնարկ) /
Statement of responsibility, etc. ՀՍՍՀ լուս. մին-թյուն. Խ. Աբովյանի անվ. հայկ. պետ. մանկ. ին-տ; Կազմ.՝ Խ.Ա. Զաքարյան.
260 ## - PUBLICATION, DISTRIBUTION, ETC.
Place of publication, distribution, etc. Երևան :
Name of publisher, distributor, etc. Ա. հ,
Date of publication, distribution, etc. 1979.
300 ## - PHYSICAL DESCRIPTION
Extent 88 էջ :
Other physical details նկ.
650 14 - SUBJECT ADDED ENTRY--TOPICAL TERM
Topical term or geographic name entry element Կենդանաբանություն
Form subdivision Ձեռնարկ
General subdivision Ողնաշարավորներ
653 0# - INDEX TERM--UNCONTROLLED
Uncontrolled term Ողնաշարավորներ
700 1# - ADDED ENTRY--PERSONAL NAME
Personal name Զաքարյան, Խ.Ա.
Relator term կազմ.
Relationship com
710 2# - ADDED ENTRY--CORPORATE NAME
Corporate name or jurisdiction name as entry element Հայկական պետական մանկավարժական ինստիտուտ Երևանի Խ. Աբովյանի անվան
Holdings
Withdrawn status Lost status Damaged status Not for loan Collection Home library Current library Date acquired Total checkouts Full call number Barcode Date last seen Price effective from Koha item type Public note
        General Fundamental Scientific Library Fundamental Scientific Library 22/12/2016   596/599 220062556 22/12/2016 22/12/2016 Գրքեր / Books 30 Days Loan
        General Fundamental Scientific Library Fundamental Scientific Library 22/12/2016   596/599 220062785 22/12/2016 22/12/2016 Գրքեր / Books 30 Days Loan


ՀՀ ԳԱԱ հիմնարար գիտական գրադարան
ՀՀ,Երևան 0019
Մարշալ Բաղրամյան 24/6
հեռախոս:(374-10) 52-47-50
Հետադարձ կապ

All site content, except where otherwise noted, is licensed under a
Creative Commons License